Loading...
| Literature - European | 0 | 6 | 1 | 1 | 55 | 37 | 81.17 | 2 | 4 | 0.00 | 0.00 |
| Literature - British | 0 | 4 | 0 | 0 | 40 | 17 | 68.75 | 1 | 3 | 0.00 | 0.00 |
| Fine Arts - Classical Music | 0 | 3 | 0 | 0 | 30 | 47 | 73.00 | 1 | 3 | 0.00 | 0.00 |
| Literature - World | 0 | 3 | 1 | 0 | 25 | 88 | 101.33 | 1 | 2 | 0.00 | 0.00 |
| Philosophy | 0 | 3 | 1 | 0 | 25 | 48 | 77.00 | 2 | 3 | 0.00 | 0.00 |
| Fine Arts - Painting and Sculpture | 0 | 3 | 1 | 0 | 25 | 52 | 74.33 | 1 | 3 | 0.00 | 0.00 |
| Social Science | 0 | 2 | 0 | 0 | 20 | 76 | 92.00 | 0 | 0 | 0.00 | 0.00 |
| History - Other | 0 | 2 | 0 | 0 | 20 | 70 | 74.00 | 1 | 2 | 0.00 | 0.00 |
| Literature - American | 0 | 2 | 1 | 0 | 15 | 96 | 109.50 | 1 | 2 | 0.00 | 0.00 |
| History - European | 0 | 1 | 0 | 0 | 10 | 87 | 87.00 | 0 | 1 | 0.00 | 0.00 |
| History - World | 0 | 1 | 0 | 1 | 10 | 132 | 132.00 | 0 | 1 | 0.00 | 0.00 |
| Fine Arts - Other | 0 | 1 | 0 | 0 | 10 | 45 | 45.00 | 0 | 1 | 0.00 | 0.00 |
| Pop Culture | 0 | 1 | 0 | 0 | 10 | 80 | 80.00 | 0 | 0 | 0.00 | 0.00 |
| Religion | 0 | 1 | 0 | 0 | 10 | 92 | 92.00 | 0 | 1 | 0.00 | 0.00 |
| Science - Physics | 0 | 1 | 0 | 0 | 10 | 110 | 110.00 | 0 | 0 | 0.00 | 0.00 |
| Science - Other | 0 | 1 | 1 | 0 | 5 | 99 | 99.00 | 0 | 1 | 0.00 | 0.00 |
| Mythology | 0 | 0 | 1 | 0 | -5 | 0.00 | 0 | 0 | 0.00 | 0.00 |